[Event "San Francisco TNM Fall op"]
[Site "San Francisco"]
[Date "2011.12.06"]
[Round "8"]
[White "Miller, David A"]
[Black "Donnelly, Patrick T"]
[Result "0-1"]
[WhiteElo "1777"]
[BlackElo "1499"]
[PlyCount "106"]
[EventDate "2011.10.18"]
[EventType "swiss"]
[EventRounds "9"]
[EventCountry "USA"]
[SourceTitle "EXT 2016"]
[Source "ChessBase"]
[SourceDate "2015.10.08"]
[SourceVersion "1"]
[SourceVersionDate "2015.10.08"]
[SourceQuality "1"]

1. c4 e5 2. Nc3 Nf6 3. d3 d5 4. cxd5 Nxd5 5. g3 b6 6. Bg2 Bb7 7. Nf3 Bb4 8. Bd2 0-0 9. 0-0 Nxc3 10. Bxc3 Bxc3 11. bxc3 Qf6 12. Nd2 Bxg2 13. Kxg2 Qc6+ 14. f3 Nd7 15. Qc2 Nf6 16. Rac1 Ng4 17. Qb3 Ne3+ 18. Kg1 Nxf1 19. Kxf1 Qh6 20. Ke1 Qxh2 21. Nf1 Qh6 22. Rc2 Qe6 23. Qxe6 fxe6 24. Nd2 Kf7 25. Ne4 Kg6 26. c4 h5 27. a4 Kf5 28. c5 Rac8 29. Kf2 g5 30. cxb6 axb6 31. Rc1 h4 32. Rh1 Rh8 33. gxh4 gxh4 34. Ke3 h3 35. Kf2 h2 36. Ng3+ Kf6 37. Ne4+ Ke7 38. Ng3 Ra8 39. Kg2 Rxa4 40. Rc1 c5 41. Nh1 Kd6 42. Nf2 Rah4 43. Nh1 b5 44. Kf2 Rg8 45. Ra1 Ra4 46. Rc1 b4 47. Ng3 b3 48. Kg2 b2 49. Rb1 Ra1 50. Kxh2 Rxb1 51. Ne4+ Kc6 52. Nc3 Rc1 53. Kh3 Rh1# 0-1

[Event "San Francisco TNM Fall op"]
[Site "San Francisco"]
[Date "2011.11.15"]
[Round "5"]
[White "Miller, David A"]
[Black "Delmonico, Nils"]
[Result "0-1"]
[WhiteElo "1777"]
[BlackElo "1909"]
[PlyCount "62"]
[EventDate "2011.10.18"]
[EventType "swiss"]
[EventRounds "9"]
[EventCountry "USA"]
[SourceTitle "EXT 2016"]
[Source "ChessBase"]
[SourceDate "2015.10.08"]
[SourceVersion "1"]
[SourceVersionDate "2015.10.08"]
[SourceQuality "1"]

1. c4 c5 2. Nf3 g6 3. d4 cxd4 4. Nxd4 Bg7 5. Nc3 Nc6 6. Nc2 d6 7. Bd2 Nf6 8. e4 0-0 9. Be2 a6 10. h4 h5 11. f3 Ne5 12. Qc1 e6 13. Bg5 Qc7 14. Ne3 Bd7 15. g4 b5 16. Bxf6 Bxf6 17. g5 Bg7 18. cxb5 axb5 19. f4 b4 20. 0-0 bxc3 21. fxe5 Bxe5 22. bxc3 Bxc3 23. Kh1 Rfc8 24. Rb1 d5 25. exd5 Qg3 26. Rf3 Qxh4+ 27. Kg2 Rxa2 28. Nc2 Be5 29. Rh3 Qe4+ 30. Kf1 Rcxc2 31. Rb8+ Bxb8 0-1

[Event "San Francisco TNM Litowsky op"]
[Site "San Francisco"]
[Date "2011.08.02"]
[Round "1"]
[White "Miller, David A"]
[Black "Thornally, Frank"]
[Result "0-1"]
[WhiteElo "1788"]
[BlackElo "2200"]
[PlyCount "76"]
[EventDate "2011.08.02"]
[EventType "swiss"]
[EventRounds "9"]
[EventCountry "USA"]
[SourceTitle "EXT 2016"]
[Source "ChessBase"]
[SourceDate "2015.10.08"]
[SourceVersion "1"]
[SourceVersionDate "2015.10.08"]
[SourceQuality "1"]

1. d4 d5 2. Nf3 Nf6 3. e3 Bg4 4. h3 Bh5 5. c4 e6 6. Qa4+ c6 7. Ne5 Nbd7 8. Nc3 Bd6 9. Nxd7 Nxd7 10. cxd5 exd5 11. Be2 Bg6 12. 0-0 0-0 13. Bd2 Re8 14. b4 b5 15. Qb3 Nb6 16. Nxb5 cxb5 17. Bxb5 Re6 18. a4 Rb8 19. a5 Nc8 20. Be2 Ne7 21. Rfc1 h5 22. b5 Nf5 23. Bf3 Ne7 24. Ra2 h4 25. Be2 Be4 26. Bf1 Rg6 27. Be1 Nf5 28. Rb2 Bc7 29. Qc3 Bd6 30. Kh1 Qg5 31. f4 Ng3+ 32. Bxg3 Qxg3 33. b6 axb6 34. a6 Kh7 35. a7 Ra8 36. Ra1 Bxf4 37. Kg1 Bxe3+ 38. Kh1 Qxh3# 0-1

[Event "San Francisco TNM Summer op"]
[Site "San Francisco"]
[Date "2011.07.05"]
[Round "7"]
[White "Miller, David A"]
[Black "Nelson, Christopher"]
[Result "1-0"]
[WhiteElo "1800"]
[BlackElo "1525"]
[PlyCount "59"]
[EventDate "2011.05.24"]
[EventType "swiss"]
[EventRounds "8"]
[EventCountry "USA"]
[SourceTitle "EXT 2016"]
[Source "ChessBase"]
[SourceDate "2015.10.08"]
[SourceVersion "1"]
[SourceVersionDate "2015.10.08"]
[SourceQuality "1"]

1. d4 f5 2. Bg5 Nf6 3. Bxf6 exf6 4. g3 d5 5. Bg2 Na6 6. Nc3 Bb4 7. Qd2 c6 8. a3 Be7 9. e3 0-0 10. Nge2 Nc7 11. 0-0 Ne6 12. Rfe1 Ng5 13. f3 Qe8 14. h4 Nf7 15. e4 Nd6 16. exd5 Nc4 17. Qc1 cxd5 18. Nf4 Qf7 19. Ncxd5 Bd6 20. b3 Bxf4 21. Nxf4 Nd6 22. c4 Bd7 23. Qd2 Rfe8 24. Rxe8+ Rxe8 25. Re1 Rxe1+ 26. Qxe1 Qf8 27. Qb4 Qb8 28. c5 Nb5 29. a4 a5 30. Qc4+ 1-0

[Event "San Francisco TNM Summer op"]
[Site "San Francisco"]
[Date "2011.06.07"]
[Round "3"]
[White "Beilin, Allan"]
[Black "Miller, David A"]
[Result "1-0"]
[WhiteElo "2005"]
[BlackElo "1800"]
[PlyCount "47"]
[EventDate "2011.05.24"]
[EventType "swiss"]
[EventRounds "8"]
[EventCountry "USA"]
[SourceTitle "EXT 2016"]
[Source "ChessBase"]
[SourceDate "2015.10.08"]
[SourceVersion "1"]
[SourceVersionDate "2015.10.08"]
[SourceQuality "1"]

1. e4 e5 2. Nf3 Nf6 3. Nxe5 Nxe4 4. Qe2 Qe7 5. Qxe4 d6 6. d4 dxe5 7. Qxe5 Qxe5+ 8. dxe5 Bf5 9. c3 Nd7 10. f4 0-0-0 11. Be3 f6 12. exf6 Nxf6 13. h3 Bd6 14. Bc4 Rhe8 15. Kf2 Rxe3 16. Kxe3 Bc5+ 17. Ke2 Re8+ 18. Kd1 Rd8+ 19. Ke2 Re8+ 20. Kd1 Ne4 21. Re1 Nf2+ 22. Kd2 Ne4+ 23. Kd1 Rd8+ 24. Ke2 1-0